Walking Dead Seasons by Zombies - Statistics

General Stats
  • This quiz has been taken 59 times
  • The average score is 11 of 11
Answer Stats
Picture Answer % Correct
Season 1
100%
Season 10
100%
Season 2
100%
Season 7
100%
Season 8
100%
Season 3
98%
Season 4
96%
Season 5
96%
Season 9
96%
Season 11
94%
Season 6
94%
No matching quizzes found
Score Distribution
Percent of People with Each Score
Percentile by Number Answered
Your Score History
You have not taken this quiz